| 000 | 00392nam a22001457a 4500 | ||
|---|---|---|---|
| 005 | 20180214113724.0 | ||
| 008 | 180214b xxu||||| |||| 00| 0 eng d | ||
| 040 | _cPK-LaUMT | ||
| 082 |
_aPKAC 320.954918 _bISH-O |
||
| 100 | _aIshtiaq Azhar | ||
| 245 |
_aOperation clean up(urdu)/ _cIshtiaq Azhar |
||
| 260 |
_aکراچی: _bمکتبہ شہر قاید _c1998 |
||
| 300 | _a191 | ||
| 942 | _cBK | ||
| 999 |
_c103162 _d103162 |
||